1761 1752 1181 1148 1902 1122 1630 1762 1146 1781 1629 1969 1801 1171 1657 1855 1629 1946 1663 1962 1418 1123 1532 1112 1940 1316 1946 1808 1799 1135 1965 1872 1597 1405 1912 1825 1450 1378 1834 1660 1382 1341 1260 1073 1128 1514 1199 1688 1202 1056 1458 1444 1829 1890 1312 1434 1525 1021 1924 1846 1304 1145 1744 1299 1925 1061 1236 1291 1328 1726 1731 1334 1935 1042 1450 1910 1246 1258 1888 1938 1914 1195 1505 1214 1668 1472 1101 1654 1161 1895 1584 1366 1860 1821 1181 1558 1757 1245 1239 BCNSPRNW ULIB Ver.6.0+V

เปลี่ยนเป็นภาษาไทย

Change to English
 แสดงรายละเอียดบรรณานุกรม
  กลับหน้าหลัก

Brief Record : Get Marc (ISO 2709) : E-mail record : QR code < ปิดหน้าต่าง
LEADER : 00000nam 2200000uu 4500
001    13399113412
003     ULIB
008    110627s2548||||th 000 0 tha d
020    978974991614X
090    นว.^bพ791ก 2548
100 0  พี.เจ.พาร์ริช
245 00 เกาะลับแล/^cพี.เจ.พาร์ริช
250    พิมพ์ครั้งที่ 4
260    กรุงเทพฯ :^bแพรวสำนักพิมพ์,^c2548
300    374 หน้า
710 1  แพรวสำนักพิมพ์
945    ^p255^l0^i019591
995    ทศพร
999 ^a ใช้งานได้ทุกระบบ
รายการนี้ยังไม่มีแท็ก
คุณยังไม่ได้ล็อกอิน คุณสามารถมีกิจกรรมร่วมกับเว็บไซต์ได้ แต่ต้องล็อกอินก่อน ::
  ล็อกอิน

รายการสื่อสารสนเทศ

ลำดับที่ ประเภท เลขเรียก/บาร์โค้ด สถานที่ สถานะ
1. นวนิยาย
นวนิยาย
นว. พ791ก 2548 ฉ.1 
  Barcode: 019591
ห้องสมุดวิทยาเขตสวรรค์ประชารักษ์
►นวนิยาย
บนชั้น
  ขอยืม

BibComment


ยังไม่เคยถูกคอมเมนท์

คอมเมนท์ทรัพยากรรายการนี้
  คอมเมนท์: เกาะลับแล พีเจพาร..


 Copyright 2026. Bcnsprnw @Library